Diana of the Crossways
שמור ב:
| מחבר ראשי: | |
|---|---|
| פורמט: | ספר |
| שפה: | Undetermined |
| יצא לאור: |
New York, Estados Unidos
W. W. Norton
1973
|
| נושאים: | |
| תגים: |
הוספת תג
אין תגיות, היה/י הראשונ/ה לתייג את הרשומה!
|
MARC
| LEADER | 00000nam a2200000Ia 4500 | ||
|---|---|---|---|
| 008 | 170316s9999 xx 000 0 und d | ||
| 040 | |a cru BVZT | ||
| 090 | |a 820 M-17d | ||
| 100 | |a Meredith, George | ||
| 245 | |a Diana of the Crossways | ||
| 260 | |a New York, Estados Unidos | ||
| 260 | |b W. W. Norton | ||
| 260 | |c 1973 | ||
| 300 | |a 415 páginas | ||
| 650 | |a LITERATURA INGLESA | ||
| 999 | |c 7009 |d 7009 | ||
| 942 | |c 15 D |h 820 M-17d |2 z | ||
